| 000 | 01177cab a22002895a 4500 | ||
|---|---|---|---|
| 001 | L159790 | ||
| 008 | 180104e2017 xxk 000 0 eng d | ||
| 035 | _a(Sirsi) u159790 | ||
| 041 | 0 | _aeng | |
| 100 | 1 | _aDowding, Nicholas | |
| 245 | 0 | 0 | _aMore questions than answers |
| 260 | _c2017 | ||
| 490 |
_aEstates Gazette _v(1748) 2 December 2017, 74-75(2) |
||
| 520 | _aPart 3 in a series of 4 articles on Minimum Energy Efficiency Standard (MEES) effective from 1 April 2018 for residential and commercial property. Considers the impact of MEES on dilapadations, alterations and rent reviews for commercial property. Part 1 L159788, Part 2 L159789 and Part 4 L159794 | ||
| 590 | _aKA | ||
| 650 | 2 | 4 | _aMINIMUM ENERGY EFFICIENCY STANDARD |
| 650 | 2 | 4 | _aMEES |
| 650 | 2 | 4 | _aENERGY PERFORMANCE OF BUILDINGS (ENGLAND AND WALES) REGULATIONS 2012 |
| 650 | 2 | 4 | _aENERGY EFFICIENCY (PRIVATE RENTED PROPERTY) (ENGLAND AND WALES) REGULATIONS 2015 |
| 651 | 4 |
_aEngland and Wales _y1543- |
|
| 690 |
_aEnergy _96237 |
||
| 690 |
_aSustainability _96271 |
||
| 690 |
_aResidential property _96266 |
||
| 690 |
_aCommercial property _96227 |
||
| 700 | 1 | _aWhite, Philip | |
| 942 |
_n0 _2ddc |
||
| 999 |
_c84987 _d84987 |
||